Hlavné zdroje znečistenia životného prostredia na Slovensku: odvetvová analýza diplomová práca

Salvato in:
Dettagli Bibliografici
Autore principale: Sústriková, Katarína
Ente Autore: Národohospodárska fakulta EU. Katedra hospodárskej politiky
Altri autori: Habrman, Michal
Natura: Libro
Lingua:slovacco
Pubblicazione: Bratislava 2017
Tags: Aggiungi Tag
Nessun Tag, puoi essere il primo ad aggiungerne!!

MARC

LEADER 00000nbm a2200000 4500
001 0231842
005 20170807100818.7
041 0 |a slo 
044 |a SK 
245 1 0 |a Hlavné zdroje znečistenia životného prostredia na Slovensku: odvetvová analýza  |b diplomová práca  |c Katarína Sústriková ; školiteľ: Michal Habrman 
264 1 |a Bratislava  |c 2017 
300 |a 61 s. 
100 1 |a Sústriková, Katarína 
700 1 |a Habrman, Michal 
710 2 |a Národohospodárska fakulta EU. Katedra hospodárskej politiky